Fr. Conceicao Rodrigues College of Engineering

DB2: Universal Database V.7.1 for Unix (Record no. 20059)

MARC details
000 -LEADER
fixed length control field 00316nam a2200145Ia 4500
082 ## - DEWEY DECIMAL CLASSIFICATION NUMBER
Classification number 5.74
Item number BAK/WON
100 ## - MAIN ENTRY--PERSONAL NAME
Personal name Baklarz/ George/ Wong/ Bill
245 ## - TITLE STATEMENT
Title DB2: Universal Database V.7.1 for Unix
260 ## - PUBLICATION, DISTRIBUTION, ETC.
Name of publisher, distributor, etc. none
300 ## - PHYSICAL DESCRIPTION
Extent 385
546 ## - LANGUAGE NOTE
Language note ENGLISH
654 ## - SUBJECT ADDED ENTRY--FACETED TOPICAL TERMS
Focus term Computer
942 ## - ADDED ENTRY ELEMENTS (KOHA)
Koha item type BOOK
Holdings
Withdrawn status Lost status Damaged status Not for loan Collection Home library Current library Date acquired Total Checkouts Full call number Barcode Date last seen Price effective from Koha item type
        CRC Fr. Agnel's C.Rodrigues College of Engineering Fr. Agnel's C.Rodrigues College of Engineering 17/03/2023   5.74 BAK/WON 12419 17/03/2023 17/03/2023 BOOK